The Leasehold Reform (Enfranchisement and Extension) (Amendment) (Wales) Regulations 2004 (Record no. 103550)

MARC details
000 -LEADER
fixed length control field 01450cam a2200229 4500
008 - FIXED-LENGTH DATA ELEMENTS--GENERAL INFORMATION
fixed length control field 040427n2004 000 0 eng u
020 ## - INTERNATIONAL STANDARD BOOK NUMBER
International Standard Book Number 0110908945
035 ## - SYSTEM CONTROL NUMBER
System control number (Sirsi) u126022
041 ## - LANGUAGE CODE
Language code of text/sound track or separate title eng
245 #4 - TITLE STATEMENT
Title The Leasehold Reform (Enfranchisement and Extension) (Amendment) (Wales) Regulations 2004
260 ## - PUBLICATION, DISTRIBUTION, ETC.
Place of publication, distribution, etc. London
Name of publisher, distributor, etc. HMSO
Date of publication, distribution, etc. 2004
490 ## - SERIES STATEMENT
Series statement SI
Volume/sequential designation 2004: 699
520 ## - SUMMARY, ETC.
Summary, etc. Came into force 31 March 2004. Amend the Leasehold Reform (Enfranchisement and Extension) Regulations 1967 consequential to amendments made to the Leasehold Reform Act 1967 s1 by the Commonhold and Leasehold Reform Act 2002 ss138-140. The provisions in the 2002 Act abolished the residence test with two exceptions: i) where the tenancy is a business tenancy; and ii) where a flat forming part of the house is let to a tenant who is a qualifying tenant for the purposes of the Leasehold Reform, Housing and Urban Development Act 1993 Part I. See Explanatory Note for further details. View at www.legislation.hmso.gov.uk.
650 ## - SUBJECT ADDED ENTRY--TOPICAL TERM
Topical term or geographic name entry element LEASEHOLD REFORM (ENFRANCHISEMENT AND EXTENSION) (AMENDMENT) (WALES) REGULATIONS 2004
650 ## - SUBJECT ADDED ENTRY--TOPICAL TERM
Topical term or geographic name entry element COMMONHOLD AND LEASEHOLD REFORM ACT 2002
650 ## - SUBJECT ADDED ENTRY--TOPICAL TERM
Topical term or geographic name entry element WALES
650 ## - SUBJECT ADDED ENTRY--TOPICAL TERM
Topical term or geographic name entry element ENFRANCHISEMENT
650 ## - SUBJECT ADDED ENTRY--TOPICAL TERM
Topical term or geographic name entry element LEASE EXTENSION
690 ## - LOCAL SUBJECT ADDED ENTRY--TOPICAL TERM (OCLC, RLIN)
Topical term or geographic name as entry element LANDLORD AND TENANT-LEASEHOLD REFORM
856 ## - ELECTRONIC LOCATION AND ACCESS
Uniform Resource Identifier <a href="https://www.legislation.gov.uk/wsi/2004/699/contents/made">https://www.legislation.gov.uk/wsi/2004/699/contents/made</a>
Public note View the Regulations free of charge at www.legislation.gov.uk
942 ## - ADDED ENTRY ELEMENTS (KOHA)
Suppress in OPAC 0
Holdings
Withdrawn status Lost status Source of classification or shelving scheme Damaged status Not for loan Home library Current library Shelving location Date acquired Total Checkouts Full call number Barcode Date last seen Copy number Price effective from Koha item type
    Dewey Decimal Classification     Virtual Virtual Online 27/04/2004   ONLINE PUBLICATION 126022-2001 06/08/2019 1 06/08/2019 Book